000 00542nam a2200205Ia 4500
003 OSt
005 20251205145856.0
008 210210b2015 xxu||||| |||| 00| 0 eng d
020 _a9781785040085
040 _cAL
041 _aeng
082 _a128.2 DEBM
100 _aEdward De Bono
_9247907
245 _aMechanism of mind
_b: understand how your mind works to maximise memory and creative potential
260 _aLondon
_bVermilion
_c2015
300 _a346p
690 _aPhilosophy
_9247908
906 _a069815
942 _2ddc
_cBK
999 _c119440
_d119440